000 00372 a2200169 4500
001 69891
020 _a8516001210
040 _cAnchieta - Itaigara
100 _aMott, Odette de Barros
240 1 0 _aVinda com a neve
_lpor
245 1 0 _aVinda com a neve
300 _a48
362 0 _a1982
440 1 _aModerna
650 4 _aLiteratura infanto-juvenil
942 _cBK
999 _c69891
_d69891